[Event "GER-ch Seniors 65 31st"]
[Site "Radebeul"]
[Date "2019.05.02"]
[Round "7"]
[White "Knaak, Joachim"]
[Black "Schmidt, Bodo"]
[Result "1/2-1/2"]
[WhiteElo "2139"]
[BlackElo "2313"]
[PlyCount "109"]
[EventDate "2019.04.26"]
[EventType "swiss"]
[EventRounds "9"]
[EventCountry "GER"]
[SourceTitle "CBM 190 Extra"]
[Source "ChessBase"]
[SourceDate "2019.07.15"]
[SourceVersion "1"]
[SourceVersionDate "2019.07.15"]
[SourceQuality "1"]

1. d4 d5 2. c4 c6 3. Nf3 Nf6 4. Nc3 a6 5. e3 b5 6. cxd5 cxd5 7. Bd3 Bb7 8. 0-0 e6 9. Qe2 Nbd7 10. e4 dxe4 11. Nxe4 Be7 12. Rd1 0-0 13. Bf4 Nxe4 14. Bxe4 Bxe4 15. Qxe4 Nf6 16. Qe2 Qd5 17. h3 Rfc8 18. a4 b4 19. Rac1 Qb3 20. Rxc8+ Rxc8 21. Ra1 a5 22. Qa6 Rd8 23. Rc1 Qxa4 24. Bc7 Rd5 25. Bb6 h6 26. Ne5 Qb5 27. Qa7 Nd7 28. Rc8+ Kh7 29. Nxd7 Rxd7 30. Qxa5 Qxa5 31. Bxa5 Rxd4 32. Kf1 Rd5 33. Ra8 Rd1+ 34. Ke2 Rb1 35. Ra7 Rxb2+ 36. Kd3 Bf6 37. Rxf7 b3 38. Bc3 Rxf2 39. Bxf6 Rxf6 40. Rb7 Rg6 41. g4 h5 42. Rb4 Kh6 43. Ke3 hxg4 44. hxg4 Kg5 45. Kf3 Kh4 46. Rxb3 Rf6+ 47. Kg2 g5 48. Rg3 Rf4 49. Re3 Rf6 50. Re4 Rf4 51. Rxe6 Rxg4+ 52. Kh2 Ra4 53. Re2 Kg4 54. Rg2+ Kf4 55. Rf2+ 1/2-1/2

[Event "WchT Seniors 65"]
[Site "Dresden"]
[Date "2018.07.11"]
[Round "5.2"]
[White "Schmidt, Bodo"]
[Black "Boidman, Yuri"]
[Result "0-1"]
[WhiteElo "2344"]
[BlackElo "2358"]
[PlyCount "112"]
[EventDate "2018.07.07"]
[EventType "team-swiss"]
[EventRounds "9"]
[EventCountry "GER"]
[SourceTitle "CBM 185 Extra"]
[Source "ChessBase"]
[SourceDate "2018.07.29"]
[SourceVersion "1"]
[SourceVersionDate "2018.07.29"]
[SourceQuality "1"]
[WhiteTeam "Germany"]
[BlackTeam "Germany II"]
[WhiteTeamCountry "GER"]
[BlackTeamCountry "GER"]

1. d4 Nf6 2. Nf3 c5 3. d5 e6 4. c4 b5 5. Bg5 exd5 6. cxd5 Qa5+ 7. Bd2 Qb6 8. e4 d6 9. a4 b4 10. Bg5 Be7 11. Nbd2 h6 12. Bb5+ Nbd7 13. Nc4 Qc7 14. Bxf6 Bxf6 15. e5 dxe5 16. 0-0 0-0 17. d6 Qb7 18. Bxd7 Bxd7 19. Nfxe5 Be6 20. Rc1 Rfd8 21. f4 Rac8 22. Qd3 Qa6 23. b3 Bxc4 24. Nxc4 Bd4+ 25. Kh1 Rxd6 26. Rce1 Re6 27. f5 Rxe1 28. Rxe1 Qc6 29. Qe4 Qxe4 30. Rxe4 Rd8 31. g4 Bf6 32. Kg2 Bg5 33. Re5 Rd3 34. Rxc5 Rxb3 35. Rc8+ Kh7 36. Ne5 Rc3 37. Rf8 Bf6 38. Nxf7 g6 39. Nd6 Bg7 40. Rf7 Kg8 41. fxg6 Rc6 42. Rd7 Bf8 43. Ne4 a6 44. h4 Rxg6 45. g5 hxg5 46. hxg5 Bg7 47. Rb7 a5 48. Rb5 Rc6 49. Kf3 Bd4 50. Rd5 Bg7 51. Kf4 b3 52. Rb5 b2 53. Nf6+ Bxf6 54. gxf6 Rc4+ 55. Ke5 Rb4 56. Rxa5 b1Q 0-1

[Event "WchT Seniors 65"]
[Site "Dresden"]
[Date "2018.07.10"]
[Round "4.3"]
[White "Schmidt, Bodo"]
[Black "Klundt, Klaus"]
[Result "1/2-1/2"]
[WhiteElo "2344"]
[BlackElo "2318"]
[PlyCount "46"]
[EventDate "2018.07.07"]
[EventType "team-swiss"]
[EventRounds "9"]
[EventCountry "GER"]
[SourceTitle "CBM 185 Extra"]
[Source "ChessBase"]
[SourceDate "2018.07.29"]
[SourceVersion "1"]
[SourceVersionDate "2018.07.29"]
[SourceQuality "1"]
[WhiteTeam "Germany"]
[BlackTeam "Schwaebische Franken"]
[WhiteTeamCountry "GER"]
[BlackTeamCountry "GER"]

1. d4 Nf6 2. Nf3 d5 3. c4 e6 4. e3 Be7 5. Bd3 0-0 6. 0-0 c5 7. dxc5 Bxc5 8. a3 dxc4 9. Bxc4 a6 10. b4 Be7 11. Bb2 b5 12. Bd3 Bb7 13. Qe2 Nbd7 14. Rd1 Qc7 15. Nbd2 Rac8 16. Rac1 Qb8 17. Nb3 Rxc1 18. Rxc1 Rc8 19. Rxc8+ Qxc8 20. Na5 Ba8 21. e4 Nb6 22. Qe1 Nfd7 23. Nd2 Na4 1/2-1/2

[Event "Mittelrhein Regionalliga 16/17"]
[Site "Nordrheinwestfalen"]
[Date "2017.01.29"]
[Round "7.3"]
[White "Kewes, Gerd"]
[Black "Schmidt, Bodo"]
[Result "0-1"]
[WhiteElo "2011"]
[BlackElo "2290"]
[PlyCount "86"]
[EventDate "2016.09.11"]
[EventType "team-tourn"]
[EventRounds "11"]
[EventCountry "GER"]
[SourceTitle "EXT 2022"]
[Source "ChessBase"]
[SourceDate "2021.10.06"]
[SourceVersion "1"]
[SourceVersionDate "2021.10.06"]
[SourceQuality "1"]
[WhiteTeam "Koeln SF II"]
[BlackTeam "Siegburg"]
[WhiteTeamCountry "GER"]
[BlackTeamCountry "GER"]

1. c4 c6 2. Nf3 d5 3. b3 Nf6 4. Bb2 Bf5 5. e3 e6 6. h3 h6 7. Be2 Nbd7 8. 0-0 Bd6 9. d4 0-0 10. c5 Bc7 11. b4 a6 12. Nbd2 Ne4 13. a4 Qf6 14. Nxe4 dxe4 15. Nd2 Qg5 16. Bg4 Bh7 17. Qb3 Nf6 18. f4 exf3 19. Bxf3 Bf5 20. Kf2 e5 21. dxe5 Rad8 22. Nc4 Ne4+ 23. Kg1 Nd2 24. Nxd2 Rxd2 25. Bd4 Bxh3 26. Rf2 Rxf2 27. Kxf2 Be6 28. Qb2 h5 29. b5 axb5 30. axb5 Bd5 31. Bxd5 cxd5 32. Ra7 Rb8 33. c6 Qf5+ 34. Ke2 bxc6 35. b6 Qg4+ 36. Kf2 Bd8 37. b7 Bh4+ 38. Kg1 Qd1+ 39. Kh2 Kh7 40. Ra8 Rxb7 41. Qxb7 Bf2 42. Ra1 Qg4 43. Qe7 f6 0-1

[Event "EU-chT Seniors"]
[Site "Vienna"]
[Date "2015.07.19"]
[Round "8.5"]
[White "Schmidt, Bodo"]
[Black "Garcia Palermo, Carlos H"]
[Result "1/2-1/2"]
[WhiteElo "2353"]
[BlackElo "2442"]
[PlyCount "147"]
[EventDate "2015.07.12"]
[EventType "team-swiss"]
[EventRounds "9"]
[EventCountry "AUT"]
[SourceTitle "EXT 2018"]
[Source "ChessBase"]
[SourceDate "2017.10.13"]
[SourceVersion "1"]
[SourceVersionDate "2017.10.13"]
[SourceQuality "1"]
[WhiteTeam "Germany"]
[BlackTeam "Italy"]
[WhiteTeamCountry "GER"]
[BlackTeamCountry "ITA"]

1. d4 e6 2. Nf3 c5 3. e3 Nf6 4. Bd3 d5 5. c3 Nbd7 6. Nbd2 Be7 7. 0-0 Qc7 8. Qe2 0-0 9. e4 dxe4 10. Nxe4 b6 11. dxc5 Nxc5 12. Nxc5 Qxc5 13. Bg5 Bb7 14. Bxf6 Bxf6 15. Be4 Bxe4 16. Qxe4 Qb5 17. Qc2 Rfd8 18. Rfd1 g6 19. Qb3 Qxb3 20. axb3 a5 21. Kf1 Kf8 22. Ke2 Ke8 23. Rxd8+ Rxd8 24. Ra4 Be7 25. Rd4 Bc5 26. Rxd8+ Kxd8 27. Ng5 Ke7 28. Ne4 Bd6 29. h3 f5 30. Nd2 Kd7 31. Kd3 Kc6 32. Nc4 Bc7 33. Na3 Kd5 34. Nc4 e5 35. Ne3+ Kc5 36. f3 Kc6 37. g4 e4+ 38. fxe4 fxg4 39. Nxg4 Bf4 40. Nf6 h5 41. Nd5 Bc1 42. Ne7+ Kd6 43. Nxg6 Bxb2 44. Nf4 b5 45. Nxh5 a4 46. bxa4 bxa4 47. Ng3 a3 48. Kc2 Ba1 49. Ne2 a2 50. Nc1 Bxc3 51. Nxa2 Bg7 52. Kd3 Ke5 53. Nc3 Kf4 54. Ne2+ Kg5 55. Nd4 Bf6 56. Nf5 Kf4 57. h4 Bb2 58. h5 Kg5 59. h6 Kg6 60. Kc4 Ba1 61. Kd5 Bb2 62. Ke6 Kh7 63. Kd5 Kg6 64. Kc4 Bf6 65. Kd3 Bb2 66. Ke3 Be5 67. Kf3 Bb2 68. Kg3 Be5+ 69. Kg4 Bh8 70. Kf3 Be5 71. Ne3 Bb2 72. Ng4 Kg5 73. Kg3 Ba1 74. Kf3 1/2-1/2

[Event "BL2-West 1213"]
[Site "Germany"]
[Date "2012.11.25"]
[Round "3.5"]
[White "Schmidt, Bodo"]
[Black "Schmittdiel, Eckhard"]
[Result "1/2-1/2"]
[WhiteElo "2368"]
[BlackElo "2439"]
[PlyCount "23"]
[EventDate "2012.10.14"]
[EventType "team-tourn"]
[EventRounds "9"]
[EventCountry "GER"]
[SourceTitle "CBM 154 Extra"]
[Source "ChessBase"]
[SourceDate "2013.06.25"]
[SourceVersion "2"]
[SourceVersionDate "2013.06.25"]
[SourceQuality "1"]
[WhiteTeam "Godesberg"]
[BlackTeam "Dortmund Hansa"]
[WhiteTeamCountry "GER"]
[BlackTeamCountry "GER"]

1. d4 Nf6 2. Nf3 e6 3. c4 d5 4. cxd5 exd5 5. Nc3 c6 6. Qc2 g6 7. Bg5 Bg7 8. e3 Bf5 9. Bd3 Bxd3 10. Qxd3 0-0 11. 0-0 a5 12. Na4 1/2-1/2

[Event "GER-ch Seniors"]
[Site "Dresden"]
[Date "2012.08.16"]
[Round "8"]
[White "Schmidt, Bodo"]
[Black "Werner, Clemens"]
[Result "1-0"]
[WhiteElo "2343"]
[BlackElo "2319"]
[PlyCount "97"]
[EventDate "2012.08.09"]
[EventType "swiss"]
[EventRounds "9"]
[EventCountry "GER"]
[SourceTitle "EXT 2014"]
[Source "ChessBase"]
[SourceDate "2013.11.20"]
[SourceVersion "1"]
[SourceVersionDate "2013.11.20"]
[SourceQuality "1"]

1. d4 Nf6 2. Nf3 d6 3. c4 g6 4. Nc3 Bg7 5. Bg5 0-0 6. e3 h6 7. Bh4 c5 8. d5 Qa5 9. Nd2 a6 10. a4 e6 11. Bg3 e5 12. Be2 Nh7 13. f4 Nd7 14. 0-0 exf4 15. Bxf4 Ne5 16. Nf3 Qb6 17. Ra3 Re8 18. a5 Qd8 19. Nxe5 Bxe5 20. Bg4 f5 21. Be2 Bg7 22. Bd3 Nf6 23. Qc2 Ng4 24. Nd1 Qe7 25. h3 Ne5 26. Rb3 Nxd3 27. Qxd3 Kh7 28. Rb6 Be5 29. b4 Qc7 30. Qa3 Bxf4 31. Rxf4 Bd7 32. Rf2 Rad8 33. bxc5 dxc5 34. d6 Qc8 35. Rfb2 Bc6 36. Qxc5 Qe6 37. Rxb7+ Bxb7 38. Rxb7+ Rd7 39. Qc6 Rxb7 40. Qxb7+ Kg8 41. c5 f4 42. e4 Kf8 43. Nf2 Qc4 44. d7 Rd8 45. Qc7 Qc1+ 46. Kh2 Ke7 47. Qd6+ Kf7 48. e5 Qe3 49. Qf6+ 1-0